Gmenoslow Učenců Řeči a literatury česko-slowanské na ew. lyceum w Břetislawě Miloslawa Jozefa Hurbana

Zoznam študentov Ústavu reči a literatúry českoslovanskej na ev. lýceu v Bratislave s kalendárom stretnutí a rôznymi poznámkami k jednotlivým študentom

Bibliographic Details
Main Author: Hurban, Jozef Miloslav, 1817-1888 (Author)
Format: Manuscript Book
Language:Czech
PhysicalDescription:7 nečíslovaných strán rukopis, voľné listy 24 cm
Published: [Bratislava] 1839-1840
Subjects:

MARC

LEADER 00000ntmaa2200000 a 4500
001 vtls011922867
003 SK-MaSNL
005 20260301225456.0
008 251021i1839 xo || 000 0 cze
035 |a urn:nbn:sk:snk-tm00g5ca 
035 |a urn:nbn:sk:snk-tm3n4ik 
035 |a 11929C45-FD94-4432-B2A4-36ACFDF04CEB 
040 |a SNKLA  |b slo  |c SNKLA  |e AACR2 
041 0 |a cze 
044 |a xo  |c SK 
072 7 |a 371  |x Školstvo (organizácia)  |2 konspekt 
080 |a 025.171  |2 2011 
080 |a 37.011.3-052  |2 2011 
080 |a (083.8)  |2 2011 
100 1 |a Hurban, Jozef Miloslav,  |d 1817-1888  |4 aut  |9 93005 
245 1 0 |a Gmenoslow Učenců Řeči a literatury česko-slowanské na ew. lyceum w Břetislawě Miloslawa Jozefa Hurbana 
260 |a [Bratislava]  |c 1839-1840 
300 |a 7 nečíslovaných strán  |b rukopis, voľné listy  |c 24 cm 
520 2 |a Zoznam študentov Ústavu reči a literatúry českoslovanskej na ev. lýceu v Bratislave s kalendárom stretnutí a rôznymi poznámkami k jednotlivým študentom 
555 0 |a Inventár rukopisov Literárneho archívu MS V. Archív Slovenského národného múzea. Fondy M 1 - 50. Martin : Matica slovenská 1974 
561 |a Okrúhla pečiatka: Archiv Slovenského národného muzea v Turč. Sv. Martine 
561 |a Okrúhla pečiatka: Matica slovenská Martin Literárny archív 
610 2 7 |a Evanjelické lýceum v Bratislave.  |b Ústav reči a literatúry českoslovanskej  |2 SNKKA  |9 185363 
650 0 7 |a študenti  |2 SNKPH  |9 3979 
655 7 |a rukopisy  |2 SNKPH  |9 70548 
655 7 |a zoznamy  |2 SNKPH  |9 29645 
852 |a Slovenská národná knižnica  |b Literárny archív 
958 |a MOF 
958 |a LAVD 
999 |c 950989  |d 952919 
952 |a SNKLA  |b SNKLA  |c SNKLA_DEP  |y NEVYP  |7 0  |p 17A1229456  |o snkM 23 R 6  |0 0  |1 0  |4 0  |d 2020-03-09  |f 1  |l 0  |r 2026-02-24 09:47:57  |w 2026-02-24